00749nam a2200253Ia 4500008004100000020001800041050001300059050001800072100002200090245003100112245002400143245002200167260001700189260002100206260000900227300001600236300002000252300001100272500004100283650005200324650003500376650003600411650004800447160418s9999 xx 000 0 und d a971-569-465-9 aFIL T 11 b.C46 2003 c.2 aCentenera, Fe. G. aEnhancing writing skills : btextbook-workbook / cFe. G. Centenera. aMakati City: bBooksmark, Inc., c2003 a166 pages : billustrations ; c25 cm. aIncludes bibliographical references. aEnglish language -- Composition and excersies.  aEnglish language -- Rhetoric.  xEnglish language -- Paragraphs. xEnglish language -- Textbook and workbook.